书目信息 |
| 题名: |
粮油食品检验
|
|
| 作者: | 马涛 主编 | |
| 分册: | ||
| 出版信息: | 北京 化学工业出版社 2009 |
|
| 页数: | 309页 | |
| 开本: | 24cm | |
| 丛书名: | ||
| 单 册: | ||
| 中图分类: | TS210.7 , TS227 | |
| 科图分类: | ||
| 主题词: | 粮食--食品检验 , 食用油--食品检验 , 粮食 , 食品检验 , 食用油 | |
| 电子资源: | ||
| ISBN: | 978-7-122-04497-6 | |
| 000 | 00847nam0 2200289 45 | |
| 001 | 1033118968 | |
| 005 | 20100407095839.21 | |
| 010 | @a978-7-122-04497-6@dCNY45.00 | |
| 100 | @a20100402d2009 em y0chiy50 ea | |
| 101 | 0 | @achi |
| 102 | @aCN@b110000 | |
| 105 | @ay z 000yy | |
| 106 | @ar | |
| 200 | 1 | @a粮油食品检验@ALiang You Shi Pin Jian Yan@f马涛主编@FMa Tao Zhu Bian |
| 210 | @a北京@c化学工业出版社@d2009 | |
| 215 | @a309页@d24cm | |
| 330 | @a本书介绍了粮油食品的样品处理、感官分析、食用和加工品质检验、理化检验、卫生检验以及储藏期间的品质检验。 | |
| 606 | 0 | @a粮食@x食品检验 |
| 606 | 0 | @a食用油@x食品检验 |
| 606 | 0 | @a粮食 |
| 606 | 0 | @a食品检验 |
| 606 | 0 | @a食用油 |
| 690 | @aTS210.7@v4 | |
| 690 | @aTS227@v4 | |
| 701 | 0 | @a马涛@AMa Tao@4主编 |
| 801 | 0 | @aCN@bTANGWEI@c20100407 |
| 905 | @b0588616-18@dTS210.7@e116@f3 | |
| 粮油食品检验/马涛主编.-北京:化学工业出版社,2009 |
| 309页;24cm |
| ISBN 978-7-122-04497-6:CNY45.00 |
| 本书介绍了粮油食品的样品处理、感官分析、食用和加工品质检验、理化检验、卫生检验以及储藏期间的品质检验。 |
| ● |
| 相关链接 |
|
|
|
|
正题名:粮油食品检验
索取号:TS210.7/116
 
预约/预借
| 序号 | 登录号 | 条形码 | 馆藏地/架位号 | 状态 | 备注 |
| 1 | 0588616 | 205886166 | 第二样本阅览室/ [索取号:TS210.7/116] | 在馆 | |
| 2 | 0588617 | 205886175 | 第三借阅区/ [索取号:TS210.7/116] | 在馆 | |
| 3 | 0588618 | 205886184 | 第三借阅区/ [索取号:TS210.7/116] | 在馆 |